000 00440nam a2200157Ia 4500
008 231217s9999 xx 000 0 und d
041 _aEnglish
082 _a621.381 MAN;1 R
100 _aManjunatha, D.
245 0 _aBasic Electronics : for 1st year Pre-university as per the new syllabus
250 _a3rd ed.
260 _c2007
_bSumukha Prakashana
_aBangalore
300 _a285
650 _aBasic,Electronics,1st
942 _cAA
999 _c197031
_d197031